Missing Word: SNL Alumni Films (A-Z) Quiz Stats

 Plays Quiz Updated Aug 28, 2017

Challenge
Share
Tweet
Embed
Score 0/25 Timer 03:00
0 Plays Today
Film Word % Correct
E: New Year's ___Eve
97.9%
L: I ____ You, ManLove
97.4%
C: ____ with a Chance of Meatballs*Cloudy
97%
F: 50 _____ DatesFirst
96.6%
Y: 12 ____ a SlaveYears
96.5%
W: Wayne's _____World
96.4%
N: _______ Lampoon's VacationNational
95.5%
A: ¡Three _____!Amigos
95.3%
M: ____ GirlsMean
95.1%
P: Trading ______Places
94.8%
B: The _____ BrothersBlues
94.4%
K: ______ and ScreamingKicking
93.9%
R: Anchorman: The Legend of ___ BurgundyRon
93.4%
Film Word % Correct
G: Blades of _____Glory
93.3%
O: ___ SchoolOld
92%
U: Grown ___Ups
89.9%
H: _______ BossesHorrible
86.9%
J: ______ All the WayJingle
78.2%
Z: You Don't Mess with the _____Zohan
73.7%
T: ______ BoyTommy
69.6%
Q: _____ ChangeQuick
66.7%
D: _____ WorkDirty
55.4%
V: Inherent ____Vice
50.7%
I: The _______ of LyingInvention
44.9%
S: The ________ TwinsSkeleton
22.6%

Today's Daily Dose

You're not logged in!

Compare scores with friends on all Sporcle quizzes.
Join for Free
OR
Log In

You Might Also Like...

Show Comments

Extras

Top Quizzes Today


Score Distribution

Your Account Isn't Verified!

In order to create a playlist on Sporcle, you need to verify the email address you used during registration. Go to your Sporcle Settings to finish the process.

Report this User

Report this user for behavior that violates our Community Guidelines.

Details: